000 00550cam a2200205 4500
001
008 030303n2001 000 0 eng u
020 _a3598115024
035 _a(Sirsi) u121473
050 _a025.4634
_c18
100 _aMoys, Elizabeth M.
245 _aMoys classifcation and thesaurus for legal materials
250 _a4th ed.
260 _aMunich
_bSaur
_c2001
300 _axliv, 552p.
_c24cm.
350 _a115
650 _aCLASSIFICATION
690 _aMANAGEMENT-BUSINESS MANAGEMENT-INFORMATION MANAGEMENT
942 _n0
999 _c102670
_d102670